000
00310nam a22001097a 4500
082
_a
334.7 JIN
100
_a
Wang Jing Xu Yanjun
245
_a
Shake Hands with the Ambassador
_c
Wang Jing Xu Yanjun Wang Ke Tang Jun
300
_a
137p
942
_2
ddc
_c
BK
999
_c
541261
_d
541261